MARC details
| 000 -LEADER |
| fixed length control field |
04449cgm a2200877Ii 4500 |
| 001 - CONTROL NUMBER |
| control field |
on1011689173 |
| 003 - CONTROL NUMBER IDENTIFIER |
| control field |
OCoLC |
| 005 - DATE AND TIME OF LATEST TRANSACTION |
| control field |
20171227095756.0 |
| 007 - PHYSICAL DESCRIPTION FIXED FIELD--GENERAL INFORMATION |
| fixed length control field |
vd cvaizq |
| 008 - FIXED-LENGTH DATA ELEMENTS--GENERAL INFORMATION |
| fixed length control field |
171116s2017 cau112 vleng d |
| 040 ## - CATALOGING SOURCE |
| Original cataloging agency |
TEFMT |
| Language of cataloging |
eng |
| Description conventions |
rda |
| Transcribing agency |
TEFMT |
| Modifying agency |
OCLCO |
| -- |
TEF |
| -- |
OCLCF |
| -- |
IKG |
| -- |
IK2 |
| -- |
INO |
| -- |
UINTA |
| 024 1# - OTHER STANDARD IDENTIFIER |
| Standard number or code |
024543417019 |
| 024 1# - OTHER STANDARD IDENTIFIER |
| Standard number or code |
024543417026 |
| 028 42 - PUBLISHER NUMBER |
| Publisher number |
2341702 |
| Source |
20th Century Fox Home Entertainment |
| 028 42 - PUBLISHER NUMBER |
| Publisher number |
2341701 |
| Source |
20th Century Fox Home Entertainment |
| 035 ## - SYSTEM CONTROL NUMBER |
| System control number |
(OCoLC)1011689173 |
| 037 ## - SOURCE OF ACQUISITION |
| Source of stock number/acquisition |
Midwest Tape |
| Note |
http://www.midwesttapes.com |
| 041 1# - LANGUAGE CODE |
| Language code of text/sound track or separate title |
eng |
| -- |
spa |
| -- |
fre |
| -- |
spa |
| -- |
fre |
| -- |
eng |
| Language code of original and/or intermediate translations of text |
eng |
| 050 #4 - LIBRARY OF CONGRESS CALL NUMBER |
| Classification number |
PN1997.2 |
| Item number |
.M68 2017 |
| 082 04 - DEWEY DECIMAL CLASSIFICATION NUMBER |
| Classification number |
791.43/72 |
| Edition number |
23 |
| 049 ## - LOCAL HOLDINGS (OCLC) |
| Holding library |
UCLB |
| 245 04 - TITLE STATEMENT |
| Title |
The mountain between us / |
| Statement of responsibility, etc |
Fox 2000 Pictures presents ; a Chernin Entertainment production ; produced by Peter Chernin, Jenno Topping, David Ready ; screenplay by Chris Weitz and J. Mills Goodloe ; directed by Hany Abu-Assad. |
| 257 ## - COUNTRY OF PRODUCING ENTITY FOR ARCHIVAL FILMS |
| Country of producing entity |
United States |
| -- |
naf |
| 264 #1 - Production, Publication, Distribution, Manufacture, and Copyright Notice. |
| Place of production, publication, distribution, manufacture |
Beverly Hills, California : |
| Name of producer, publisher, distributor, manufacturer |
Twentieth Century Fox Home Entertainment, |
| Date of production, publication, distribution, manufacture, or copyr |
[2017] |
| 300 ## - PHYSICAL DESCRIPTION |
| Extent |
1 videodisc (112 min.) : |
| Other physical details |
sound, color ; |
| Dimensions |
4 3/4 in. |
| 336 ## - Content Type |
| Content type term |
two-dimensional moving image |
| 337 ## - Media type |
| Media type term |
video |
| 338 ## - Carrier type |
| Carrier type term |
videodisc |
| 344 ## - |
| -- |
digital |
| -- |
optical |
| -- |
surround |
| -- |
Dolby digital |
| -- |
rda |
| 346 ## - |
| -- |
NTSC |
| -- |
rda |
| 347 ## - |
| -- |
video file |
| -- |
DVD video |
| -- |
region 1 |
| -- |
rda |
| 538 ## - SYSTEM DETAILS NOTE |
| System details note |
DVD, NTSC, region 1; wide screen (2.39:1); Dolby digital 5.1 (English), Dolby digital 2.0 (Spanish), English descriptive audio 5.1; described video. |
| 546 ## - LANGUAGE NOTE |
| Language note |
English, Spanish or French dialogue; Spanish or French subtitles; subtitled for the deaf and hard of hearing (SDH); described video. |
| 500 ## - GENERAL NOTE |
| General note |
Based on the book by Charles Martin. |
| 511 1# - PARTICIPANT OR PERFORMER NOTE |
| Participant or performer note |
Idris Elba, Kate Winslet, Dermot Mulroney, Beau Bridges. |
| 508 ## - CREATION/PRODUCTION CREDITS NOTE |
| Creation/production credits note |
Director of photography, Mandy Walker ; editor, Lee Percy ; music, Ramin Djawadi. |
| 500 ## - GENERAL NOTE |
| General note |
Originally released as a motion picture in 2017. |
| 500 ## - GENERAL NOTE |
| General note |
Wide screen. |
| 521 8# - TARGET AUDIENCE NOTE |
| Target audience note |
MPAA rating: PG-13; for a scene of sexuality, peril, inury images, and brief language. |
| 520 ## - SUMMARY, ETC. |
| Summary, etc |
Stranded after a tragic plane crash, two strangers must forge a connection to survive the extreme elements of a remote snow covered mountain. When they realize help is not coming, they embark on a perilous journey across the wilderness. |
| 500 ## - GENERAL NOTE |
| General note |
Special features: Love and survival: creating chemistry; Mountain between them: shooting in isolation; The wilds: survival shots; deleted scenes; director's commentary. |
| 650 #0 - SUBJECT ADDED ENTRY--TOPICAL TERM |
| Topical term or geographic name as entry element |
Airplane crash survival |
| Form subdivision |
Drama. |
| 650 #0 - SUBJECT ADDED ENTRY--TOPICAL TERM |
| Topical term or geographic name as entry element |
Man-woman relationships |
| Form subdivision |
Drama. |
| 650 #0 - SUBJECT ADDED ENTRY--TOPICAL TERM |
| Topical term or geographic name as entry element |
Wilderness areas |
| Form subdivision |
Drama. |
| 650 #0 - SUBJECT ADDED ENTRY--TOPICAL TERM |
| Topical term or geographic name as entry element |
Mountains |
| Form subdivision |
Drama. |
| 650 #7 - SUBJECT ADDED ENTRY--TOPICAL TERM |
| Topical term or geographic name as entry element |
Airplane crash survival. |
| Source of heading or term |
fast |
| -- |
(OCoLC)fst01761959 |
| 650 #7 - SUBJECT ADDED ENTRY--TOPICAL TERM |
| Topical term or geographic name as entry element |
Man-woman relationships. |
| Source of heading or term |
fast |
| -- |
(OCoLC)fst01007080 |
| 650 #7 - SUBJECT ADDED ENTRY--TOPICAL TERM |
| Topical term or geographic name as entry element |
Mountains. |
| Source of heading or term |
fast |
| -- |
(OCoLC)fst01028366 |
| 650 #7 - SUBJECT ADDED ENTRY--TOPICAL TERM |
| Topical term or geographic name as entry element |
Wilderness areas. |
| Source of heading or term |
fast |
| -- |
(OCoLC)fst01175164 |
| 655 #7 - INDEX TERM--GENRE/FORM |
| Genre/form data or focus term |
Action and adventure films. |
| Source of term |
lcgft |
| 655 #7 - INDEX TERM--GENRE/FORM |
| Genre/form data or focus term |
Survival films. |
| Source of term |
lcgft |
| 655 #7 - INDEX TERM--GENRE/FORM |
| Genre/form data or focus term |
Feature films. |
| Source of term |
lcgft |
| 655 #7 - INDEX TERM--GENRE/FORM |
| Genre/form data or focus term |
Fiction films. |
| Source of term |
lcgft |
| 655 #7 - INDEX TERM--GENRE/FORM |
| Genre/form data or focus term |
Film adaptations. |
| Source of term |
lcgft |
| 655 #7 - INDEX TERM--GENRE/FORM |
| Genre/form data or focus term |
Video recordings for the hearing impaired. |
| Source of term |
lcgft |
| 655 #7 - INDEX TERM--GENRE/FORM |
| Genre/form data or focus term |
Video recordings for people with visual disabilities. |
| Source of term |
lcgft |
| 655 #7 - INDEX TERM--GENRE/FORM |
| Genre/form data or focus term |
Action and adventure films. |
| Source of term |
fast |
| -- |
(OCoLC)fst01710568 |
| 655 #7 - INDEX TERM--GENRE/FORM |
| Genre/form data or focus term |
Drama. |
| Source of term |
fast |
| -- |
(OCoLC)fst01423879 |
| 655 #7 - INDEX TERM--GENRE/FORM |
| Genre/form data or focus term |
Feature films. |
| Source of term |
fast |
| -- |
(OCoLC)fst01710384 |
| 655 #7 - INDEX TERM--GENRE/FORM |
| Genre/form data or focus term |
Video recordings for people with visual disabilities. |
| Source of term |
fast |
| -- |
(OCoLC)fst01710451 |
| 655 #7 - INDEX TERM--GENRE/FORM |
| Genre/form data or focus term |
Video recordings for the hearing impaired. |
| Source of term |
fast |
| -- |
(OCoLC)fst01710450 |
| 700 1# - ADDED ENTRY--PERSONAL NAME |
| Personal name |
Chernin, Peter, |
| Dates associated with a name |
1951- |
| Relator term |
film producer. |
| 700 1# - ADDED ENTRY--PERSONAL NAME |
| Personal name |
Topping, Jenno, |
| Relator term |
film producer. |
| 700 1# - ADDED ENTRY--PERSONAL NAME |
| Personal name |
Ready, David, |
| Relator term |
film producer. |
| 700 1# - ADDED ENTRY--PERSONAL NAME |
| Personal name |
Goodloe, J. Mills, |
| Relator term |
screenwriter. |
| 700 1# - ADDED ENTRY--PERSONAL NAME |
| Personal name |
Weitz, Chris, |
| Dates associated with a name |
1969- |
| Relator term |
screenwriter. |
| 700 1# - ADDED ENTRY--PERSONAL NAME |
| Personal name |
Abu-Assad, Hany, |
| Relator term |
film director. |
| 700 1# - ADDED ENTRY--PERSONAL NAME |
| Personal name |
Elba, Idris, |
| Relator term |
actor. |
| 700 1# - ADDED ENTRY--PERSONAL NAME |
| Personal name |
Winslet, Kate, |
| Relator term |
actor. |
| 700 1# - ADDED ENTRY--PERSONAL NAME |
| Personal name |
Mulroney, Dermot, |
| Relator term |
actor. |
| 700 1# - ADDED ENTRY--PERSONAL NAME |
| Personal name |
Bridges, Beau, |
| Relator term |
actor. |
| 700 1# - ADDED ENTRY--PERSONAL NAME |
| -- |
Motion picture adaptation of (work) : |
| Personal name |
Martin, Charles, |
| Dates associated with a name |
1969- |
| Title of a work |
Mountain between us. |
| 710 2# - ADDED ENTRY--CORPORATE NAME |
| Corporate name or jurisdiction name as entry element |
Fox 2000 Pictures, |
| Relator term |
presenter. |
| 710 2# - ADDED ENTRY--CORPORATE NAME |
| Corporate name or jurisdiction name as entry element |
Chernin Entertainment, |
| Relator term |
production company. |
| 710 2# - ADDED ENTRY--CORPORATE NAME |
| Corporate name or jurisdiction name as entry element |
Twentieth Century Fox Home Entertainment, Inc., |
| Relator term |
publisher. |
| 994 ## - |
| -- |
C0 |
| -- |
UINTA |